UBT Library

GALAXIES (Record no. 58877)

000 -LEADER
fixed length control field 00300nam a22001457a 4500
008 - FIXED-LENGTH DATA ELEMENTS--GENERAL INFORMATION
fixed length control field 221114b ||||| |||| 00| 0 eng d
020 ## - INTERNATIONAL STANDARD BOOK NUMBER
International Standard Book Number 0674340655
041 ## - LANGUAGE CODE
Language code of text/sound track or separate title eng
080 ## - UNIVERSAL DECIMAL CLASSIFICATION NUMBER
Universal Decimal Classification number 521
082 ## - DEWEY DECIMAL CLASSIFICATION NUMBER
Classification number 521 HOD
100 ## - Rafti
Rafti 19.1
101 ## - Shkurtesa
Shkurtesa ASTR
245 ## - TITLE STATEMENT
Title GALAXIES
Statement of responsibility, etc HODGE P
942 ## - ADDED ENTRY ELEMENTS (KOHA)
Source of classification or shelving scheme
Item type Books
Holdings
Withdrawn status Lost status Source of classification or shelving scheme Damaged status Not for loan Collection code Permanent location Current location Date acquired Total Checkouts Full call number Barcode Date last seen Price effective from Koha item type
          Koleksioni i përgjithshem UBT - Lipjan UBT - Lipjan 11/14/2022   521 HOD 002-800028700260636 11/14/2022 11/14/2022 Books
          Koleksioni i përgjithshem UBT - Lipjan UBT - Lipjan 11/14/2022   521 CAR 002-800028700260637 11/14/2022 11/14/2022 Books
          Koleksioni i përgjithshem UBT - Lipjan UBT - Lipjan 11/14/2022   521 CAR 002-800028700260638 11/14/2022 11/14/2022 Books
UBT Library © 2015-2024. All rights reserved University Education for Business and Technology